Normal view
MARC view
- المجتمع - السلوك
Entry Topical Term
001 - CONTROL NUMBER
- control field: 52166
003 - CONTROL NUMBER IDENTIFIER
- control field: JO-AjAnu
005 - DATE AND TIME OF LATEST TRANSACTION
- control field: 20230606082557.0
008 - FIXED-LENGTH DATA ELEMENTS
- fixed length control field: 230606|| aca||aabn | a|a d
040 ## - CATALOGING SOURCE
- Original cataloging agency: JO-AjAnu
- Transcribing agency: JO-AjAnu
150 ## - HEADING--TOPICAL TERM
- Topical term or geographic name entry element: المجتمع - السلوك
670 ## - SOURCE DATA FOUND
- Source citation: Work cat.: (JO-AjAnu)26659: اعداد: جمال ناجي، موسى بريزات، عامر شطارة، موسى صبيح، شيما التل, author 52165, مدونة السلوك المدني